| 000 | 01267cam a2200217 4500 | ||
|---|---|---|---|
| 001 | WB3838-15 | ||
| 008 | 021015n2002 000 0 eng u | ||
| 035 | _a(Sirsi) u120090 | ||
| 245 | _aRICS commercial property management awards | ||
| 260 | _c2002 | ||
| 490 |
_aRICS Commercial Property Faculty News _v 8 October 2002, (1) |
||
| 520 | _aThe RICS Commercial Property Management Awards will be launched on 24 October 2002. The awards are people focused and aim to raise the profile of the profession in the property world. Awards will be given in the following categories: occupation management, property management, asset management and public sector property management. There will also be a discretionary award for management innovation. Entry forms and information available from 24 October at http://www.rics.org/about_us/awards/ http://www.rics.org/ricscms/bin/show?class=News&template=/includes/shownews.html&id=3849&faculty=Commercial%20Property&faculty=All%20Faculties | ||
| 590 | _aWB | ||
| 650 |
_aProperty management _96262 |
||
| 650 | _aOCCUPATION MANAGEMENT | ||
| 650 | _aASSET MANAGEMENT | ||
| 650 | _aPUBLIC SECTOR PROPERTY MANAGEMENT | ||
| 650 | _aMANAGEMENT INNOVATION | ||
| 690 | _aPROPERTY MANAGEMENT-COMMERCIAL PROPERTY | ||
| 942 | _n0 | ||
| 999 |
_c71355 _d71355 |
||